Movies Quiz

Random Movies or Actress Quiz
Score 0/22 Timer 07:00
3 Plays Today
% Correct
Eddie Murphy
95.2%
Christian Bale
87.5%
Julia Roberts
86.9%
George Clooney
85.7%
John Goodman
83.3%
Steve Carell
83.3%
Mila Kunis
82%
Melissa McCarthy
78.8%
Dustin Hoffman
76.1%
Uma Thurman
75.1%
Sacha Baron Cohen
74.4%
% Correct
James Franco
73.8%
Mark Ruffalo
73.3%
Matthew Broderick
67.3%
Brendan Fraser
64.8%
Colin Farrell
63.7%
Vince Vaughn
62.1%
Steve Martin
58.4%
Steve Buscemi
57.6%
Meg Ryan
57.5%
Charlize Theron
44.8%
Emma Watson
39.2%

You're not logged in!

Compare scores with friends on all Sporcle quizzes.
OR
Log In

Sporcle TV

Today on Sporcle TV


Watch our educational content, quiz creation guides, and fun videos on Sporcle TV.

Show Comments

Extras

Top Quizzes Today


Score Distribution

Paid Content

Your Account Isn't Verified!

In order to create a playlist on Sporcle, you need to verify the email address you used during registration. Go to your Sporcle Settings to finish the process.

Report this User

Report this user for behavior that violates our Community Guidelines.

Details: